000 00578cam a22002053a 4500
001 39856
003 PGUSA
005 20140828083904.0
008 120529s2012||||xxu|||||s|||||000 | eng d
040 _aPGUSA
_beng
042 _adc
100 1 _aBurton, Henry
245 1 0 _aExpositor's Bible :
_bThe Gospel of St Luke
_h[electronic resource] /
_cHenry Burton
260 _bProject Gutenberg,
_c2012
506 _aPublic domain in the USA.
516 _aElectronic text
830 0 _aProject Gutenberg
_v39856
856 4 0 _uhttp://www.gutenberg.org/ebooks/39856
942 _cEB
999 _c269109
_d269109